[Event "Mexico City Aeaemac 03"]
[Site "Mexico City"]
[Date "2007.03.10"]
[Round "1.1"]
[White "Martinez Sasso, Alvaro"]
[Black "Albarran Capistran, Alejandro"]
[Result "1-0"]
[WhiteElo "2100"]
[BlackElo "2120"]
[PlyCount "56"]
[EventDate "2007.03.10"]
[EventType "tourn"]
[EventRounds "5"]
[EventCountry "MEX"]
[SourceTitle "EXT 2024"]
[Source "ChessBase"]
[SourceDate "2023.10.10"]
[SourceVersion "1"]
[SourceVersionDate "2023.10.10"]
[SourceQuality "1"]

1. e4 Nf6 2. Nc3 d5 3. e5 Nfd7 4. e6 fxe6 5. d4 g6 6. Nf3 Bg7 7. Bd3 c5 8. Ng5 Nf6 9. dxc5 e5 10. h4 e4 11. Bb5+ Nc6 12. h5 Bg4 13. f3 Bxh5 14. Ne6 Qb8 15. Nxg7+ Kf7 16. Nxh5 gxh5 17. Rh3 exf3 18. Rxf3 Qe5+ 19. Qe2 d4 20. Ne4 d3 21. Bxd3 Nd4 22. Ng5+ Qxg5 23. Bxg5 Nxe2 24. Kxe2 Rac8 25. b4 a6 26. a3 Rc6 27. Raf1 Rg8 28. Bc4+ Kg6 1-0

[Event "Mexico City Aeaemac 03"]
[Site "Mexico City"]
[Date "2007.03.10"]
[Round "3.2"]
[White "Olmos Olalde, Victor Hugo"]
[Black "Martinez Sasso, Alvaro"]
[Result "1-0"]
[WhiteElo "1997"]
[BlackElo "2100"]
[PlyCount "63"]
[EventDate "2007.03.10"]
[EventType "tourn"]
[EventRounds "5"]
[EventCountry "MEX"]
[SourceTitle "EXT 2024"]
[Source "ChessBase"]
[SourceDate "2023.10.10"]
[SourceVersion "1"]
[SourceVersionDate "2023.10.10"]
[SourceQuality "1"]

1. e4 d6 2. Nf3 Nf6 3. d3 g6 4. g3 Bg7 5. Bg2 0-0 6. c3 c5 7. 0-0 Nc6 8. Re1 Rb8 9. Nbd2 b5 10. Nf1 Qb6 11. Qc2 b4 12. e5 Ng4 13. exd6 exd6 14. Ne3 Nge5 15. Nd5 Qa6 16. Nxe5 Nxe5 17. d4 Nd3 18. Re3 Nxc1 19. Rxc1 bxc3 20. bxc3 cxd4 21. cxd4 Bxd4 22. Rb3 Be6 23. Qb1 Rxb3 24. Qxb3 Kg7 25. Qb4 Qd3 26. Nf4 Bxf2+ 27. Kxf2 Qf5 28. Be4 Qg5 29. Qc3+ Kh6 30. Kg2 Bxa2 31. h4 Qe5 32. Qe3 1-0